000 00686nam a2200253Ia 4500
001 dia_1897
003 CHAP
005 20240226084741.0
008 220117s2000 xx 000 0 und d
010 _a172435
020 _a0-13-454828-0
040 _cCHAP
082 _a660.2842 T4
100 _aThomson, William J.
_9151783
245 _aIntroduction to Transport Phenomena /
_c by William J.Thomson
260 _aUSA :
_b Prentice - Hall,
_c2000
300 _a509 p
500 _aI.212333
650 _aIngenierĂ­a quimica
_958271
901 _a660.2842 T4
902 _aM
905 _a0000002000 USAA 0000000000ING00
942 _cLIBRO
_2ddc
999 _c172435
_d172435